| 000 -LEADER |
| fixed length control field |
00545nam a2200169I 4500 |
| 040 ## - CATALOGING SOURCE |
| Transcribing agency |
OCP |
| 082 ## - DEWEY DECIMAL CLASSIFICATION NUMBER |
| Classification number |
582 HIL 1937 A060 Or. |
| 100 10 - MAIN ENTRY--AUTHOR NAME |
| Personal name |
Harlow, William Morehouse, |
| 245 10 - TITLE STATEMENT |
| Title |
Textbook of dendrology; |
| Remainder of title |
covering the important forest trees of the United States and Canada, |
| 250 ## - EDITION STATEMENT |
| Edition statement |
1st ed |
| 260 0# - PUBLICATION, DISTRIBUTION, ETC. (IMPRINT) |
| Place of publication |
New York, |
| -- |
London, |
| Name of publisher |
McGraw-Hill book company, inc., |
| Year of publication |
1937 |
| 300 ## - PHYSICAL DESCRIPTION |
| Number of Pages |
xiii, 557 p. incl. front., illus., diagr. |
| Dimensions |
24 cm |
| 490 0# - SERIES STATEMENT |
| Series statement |
American forestry series |
| 650 #0 - SUBJECT ADDED ENTRY--TOPICAL TERM |
| Topical Term |
Trees |
| 700 10 - ADDED ENTRY--PERSONAL NAME |
| Personal name |
Harrar, Ellwood S. |
| 942 ## - ADDED ENTRY ELEMENTS (KOHA) |
| Koha item type |
សៀវភៅភាសាអង់គ្លេស |
| 952 ## - LOCATION AND ITEM INFORMATION (KOHA) |
| Withdrawn status [LOCAL, KOHA] |
0 |